ਸੰਰਚਨਾਵਾਦ ਉੱਤਰ-ਸੰਰਚਨਾਵਾਦ ਅਤੇ ਪੂਰਬੀ ਕਾਵੀ-ਸ਼ਾਸਤਰ / (Record no. 111166)

MARC details
000 -LEADER
fixed length control field 01287nam a22002537a 4500
010 ## - LIBRARY OF CONGRESS CONTROL NUMBER
LC control number B-066673
020 ## - INTERNATIONAL STANDARD BOOK NUMBER
International Standard Book Number 8126013060
Terms of availability 300.00
035 ## - SYSTEM CONTROL NUMBER
System control number B-066673
037 ## - SOURCE OF ACQUISITION
Stock number Cen Lib / Ret
040 ## - CATALOGING SOURCE
Original cataloging agency DPL
Language of cataloging PN
082 ## - DEWEY DECIMAL CLASSIFICATION NUMBER
Classification number 809
Item number ਨਾਰੰਗ
100 ## - MAIN ENTRY--PERSONAL NAME
Personal name ਨਾਰੰਗ, ਗੋਧੀਚੰਦ
9 (RLIN) 133722
245 ## - TITLE STATEMENT
Title ਸੰਰਚਨਾਵਾਦ ਉੱਤਰ-ਸੰਰਚਨਾਵਾਦ ਅਤੇ ਪੂਰਬੀ ਕਾਵੀ-ਸ਼ਾਸਤਰ /
Statement of responsibility, etc ਗੋਧੀਚੰਦ ਨਾਰੰਗ ; ਅਨੁਵਾਦਕ ਜਗਬੀਰ ਸਿੰਘ
246 ## - VARYING FORM OF TITLE
Title proper/short title Saṃracanawada uttara-saṃracanawada ate purabi kawi-shasatara /
Remainder of title by Gopi Chand Narang ; translated by Jagbir Singh
260 ## - PUBLICATION, DISTRIBUTION, ETC. (IMPRINT)
Place of publication, distribution, etc ਨਵੀਂ ਦਿੱਲੀ
Name of publisher, distributor, etc ਸਾਹਿਤ ਅਕਾਦਮੀ
Date of publication, distribution, etc 2002
270 ## - ADDRESS
Address ਰਵਿੰਦਰ ਭਵਨ, 35 ਫ਼ੀਰੇਜ਼ਸ਼ਾਹ ਮਾਰਗ
City ਨਵੀਂ ਦਿੱਲੀ
Postal code 110001
300 ## - PHYSICAL DESCRIPTION
Extent 528p ;
Other physical details 24cm
650 ## - SUBJECT ADDED ENTRY--TOPICAL TERM
Topical term or geographic name as entry element Punjabi Literature
9 (RLIN) 133723
650 ## - SUBJECT ADDED ENTRY--TOPICAL TERM
Topical term or geographic name as entry element Punjabi literature -- criticism
9 (RLIN) 7006
650 ## - SUBJECT ADDED ENTRY--TOPICAL TERM
Topical term or geographic name as entry element ਪੰਜਾਬੀ ਸਾਹਿਤ
9 (RLIN) 133724
650 ## - SUBJECT ADDED ENTRY--TOPICAL TERM
Topical term or geographic name as entry element ਪੰਜਾਬੀ ਸਾਹਿਤ -- ਆਲੋਚਨਾ
9 (RLIN) 133725
700 ## - ADDED ENTRY--PERSONAL NAME
Personal name ਜਗਬੀਰ ਸਿੰਘ
9 (RLIN) 133726
942 ## - ADDED ENTRY ELEMENTS (KOHA)
Source of classification or shelving scheme Dewey Decimal Classification
Koha item type Punjabi Bks
Classification part 809
Call number suffix ਨਾਰੰਗ
Holdings
Withdrawn status Lost status Damaged status Not for loan Home library Current library Date acquired Source of acquisition Cost, normal purchase price Total Checkouts Full call number Barcode Date last seen Copy number Cost, replacement price Price effective from Koha item type
        Central Library Central Library 15/02/2016 Cen Lib/Ret 300.00   809 ਨਾਰੰਗ B-066673 15/02/2016 1 300.00 15/02/2016 Punjabi Bks

© Delhi Public Library
Hit Counter
free hit counter